Diagnóstico y zonificación preliminar de los manglares del Pacífico de Colombia / (Registro nro. 572)
[ vista simple ]
| 000 -CABECERA | |
|---|---|
| Campo de control | 00955nam a2200229 i 4500 |
| 005 - FECHA Y HORA DE LA ULTIMA TRANSACCION | |
| Campo de control | 20160213020002.0 |
| 008 - ELEMENTOS DE LONGITUD FIJA—INFORMACION GENERAL | |
| Campo de control | 981021s1997 ck abd frb 000 0 spa d |
| 040 ## - FUENTE DE CATALOGACIÓN | |
| Agencia catalogadora original | IBT |
| Agencia transcriptora | IBT |
| Agencia Modificadora | DLC |
| -- | CO-BoIAVH |
| 041 ## - IDIOMA | |
| Código de idioma para texto/pista de sonido o título separado | Español |
| 044 ## - PAÍS DE PUBLICACIÓN | |
| País de publicación | Colombia |
| 082 04 - NUMERO DE CLASIFICACION DECIMAL DEWEY | |
| Número de clasificación | 577.698 |
| Número del ítem | S21d |
| 100 1# - ASIENTO PRINCIPAL--NOMBRE PERSONAL | |
| Nombre personal | Sánchez Páez, Heliodoro |
| 9 (RLIN) | 6970 |
| 245 10 - MENCION DE TITULO | |
| Título | Diagnóstico y zonificación preliminar de los manglares del Pacífico de Colombia / |
| Mención de responsabilidad | por Heliodoro Sánchez-Páez y (otros seis autores). |
| 260 ## - PUBLICACION, DISTRIBUCION, ETC. (PIE DE IMPRENTA) | |
| Lugar de publicación, distribución, etc. | Bogotá : |
| Nombre del editor, distribuidor, etc. | República de Colombia, Ministerio del Medio Ambiente, Dirección General Forestal y de Vida Silvestre, |
| Fecha de publicación, distribución, etc. | 1997 |
| 300 ## - DESCRIPCION FISICA | |
| Extensión | 343 páginas : |
| Otros detalles físicos | ilustraciones, mapas, gráficos ; |
| Dimensiones | 28 x 22 cm. |
| 650 14 - ASIENTO SECUNDARIO DE MATERIA - TERMINO TEMATICO | |
| Término temático o nombre geográfico como elemento de entrada | Ecologóia de manglares |
| Subdivisión geográfica | Colombia |
| 9 (RLIN) | 56922 |
| 650 24 - ASIENTO SECUNDARIO DE MATERIA - TERMINO TEMATICO | |
| Término temático o nombre geográfico como elemento de entrada | Fauna de manglares |
| 9 (RLIN) | 56923 |
| 650 24 - ASIENTO SECUNDARIO DE MATERIA - TERMINO TEMATICO | |
| Término temático o nombre geográfico como elemento de entrada | Manglares |
| 9 (RLIN) | 56924 |
| 700 1# - ASIENTO SECUNDARIO - NOMBRE PERSONAL | |
| Nombre personal | Alvarez-Léon, Ricardo. |
| 9 (RLIN) | 1884 |
| 710 2# - ASIENTO SECUNDARIO - NOMBRE CORPORATIVO | |
| Nombre corporativo o de jurisdicción como elemento de entrada | Colombia. |
| Unidad subordinada | Dirección General Forestal y de Vida Silvestre. |
| 9 (RLIN) | 56925 |
| 942 ## - ELEMENTOS ADICIONALES (KOHA) | |
| Sistema de clasificación | Dewey Decimal Classification |
| Tipo de ítem | Libro |
| Koha issues (borrowed), all copies | 1 |
| Withdrawn status | Lost status | Sistema de Clasificación | Damaged status | No para préstamo | Colección | Inventariado | Ubicación Permanente | Ubicación actual | Fecha de adquisición | Fuente de Valor | Valor | Total Checkouts | Número topográfico | Inventario / Código de Barras | Date last seen | Ejemplar | Price effective from | Forma de adquisición | Tipo de material | Date checked out |
|---|---|---|---|---|---|---|---|---|---|---|---|---|---|---|---|---|---|---|---|---|
| Dewey Decimal Classification | General | Inventariado 2017 | Bogotá | Bogotá | 01/09/1998 | Instituto | 39000.00 | 4 | LB-577.698 S21d | 000805 | 10/02/2020 | Ej. 1 | 04/12/2012 | Libro | 30/01/2020 | |||||
| Dewey Decimal Classification | General | Inventariado 2017 | Sala Fabio Quevedo | Sala Fabio Quevedo | 01/09/1998 | Instituto | 39000.00 | LB-577.698 S21d | 000804 | 04/12/2012 | Ej. 3 | 04/12/2012 | Donación | Libro | ||||||
| Dewey Decimal Classification | General | Inventariado 2017 | Sala Fabio Quevedo | Sala Fabio Quevedo | 11/03/2003 | Instituto | 39000.00 | LB-577.698 S21d | 004793 | 04/12/2012 | Ej. 2 | 04/12/2012 | Libro |